Sports Quiz

Random Sports or Football Quiz

Every Arsenal player that played during the 2017 FA Cup Quiz Stats

Quiz not verified by Sporcle

Challenge
Share
Tweet
Embed
Score 0/24 Timer 06:00
0 Plays Today
Hint Answer % Correct
Alexis Sanchez
96.3%
David Ospina
95.1%
Petr Cech
95.1%
Olivier Giroud
94.3%
Mesut Ozil
93.9%
Nacho Monreal
92.2%
Hector Bellerin
92.2%
Per Mertesacker
91.8%
Aaron Ramsey
91.8%
Theo Walcott
91%
Alex Oxlade-Chamberlain
90.2%
Granit Xhaka
89.8%
Hint Answer % Correct
Danny Welbeck
88.2%
Rob Holding
87.8%
Laurent Koscielny
85.3%
Kieran Gibbs
83.7%
Shkodran Mustafi
79.2%
Alex Iwobi
78.8%
Francis Coquelin
77.1%
Lucas Perez
73.5%
Gabriel
72.2%
Mohamed Elneny
71.8%
Ainsley Maitland-Niles
57.6%
Jeff Reine-Adelaide
56.3%

You're not logged in!

Compare scores with friends on all Sporcle quizzes.
Join for Free
OR
Log In

You Might Also Like...

Show Comments

Extras

Top Quizzes Today


Score Distribution

Your Account Isn't Verified!

In order to create a playlist on Sporcle, you need to verify the email address you used during registration. Go to your Sporcle Settings to finish the process.

Report this User

Report this user for behavior that violates our Community Guidelines.

Details: